Calm my anxious heart / (Record no. 10579)

MARC details
000 -LEADER
fixed length control field 00906pam a2200277 a 4500
001 - CONTROL NUMBER
control field 724504
003 - CONTROL NUMBER IDENTIFIER
control field OSt
005 - DATE AND TIME OF LATEST TRANSACTION
control field 20210226154525.0
008 - FIXED-LENGTH DATA ELEMENTS--GENERAL INFORMATION
fixed length control field 980302s1998 cou b 000 0 eng
010 ## - LIBRARY OF CONGRESS CONTROL NUMBER
LC control number 98006268
020 ## - INTERNATIONAL STANDARD BOOK NUMBER
International Standard Book Number 1576830470 (pbk.)
040 ## - CATALOGING SOURCE
Original cataloging agency DLC
Transcribing agency DLC
Modifying agency DLC
050 00 - LIBRARY OF CONGRESS CALL NUMBER
Classification number BV4908.5
Item number D579C
082 00 - DEWEY DECIMAL CLASSIFICATION NUMBER
Classification number 248.4
Edition number 21
Item number D579C
100 1# - MAIN ENTRY--PERSONAL NAME
Personal name Dillow, Linda.
245 10 - TITLE STATEMENT
Title Calm my anxious heart /
Statement of responsibility, etc. Linda Dillow.
260 ## - PUBLICATION, DISTRIBUTION, ETC.
Place of publication, distribution, etc. Colorado Springs, Colo. :
Name of publisher, distributor, etc. NavPress,
Date of publication, distribution, etc. c1998.
300 ## - PHYSICAL DESCRIPTION
Extent 239 p. ;
Dimensions 22 cm.
500 ## - GENERAL NOTE
General note "Includes a twelve-week Bible study"--Cover.
504 ## - BIBLIOGRAPHY, ETC. NOTE
Bibliography, etc. note Includes bibliographical reference.
600 10 - SUBJECT ADDED ENTRY--PERSONAL NAME
Personal name Dillow, Linda.
650 #0 - SUBJECT ADDED ENTRY--TOPICAL TERM
Topical term or geographic name entry element Peace of mind
General subdivision Religious aspects
-- Christianity.
906 ## - LOCAL DATA ELEMENT F, LDF (RLIN)
a 7
b cbc
c orignew
d 1
e ocip
f 19
g y-gencatlg
942 ## - ADDED ENTRY ELEMENTS (KOHA)
Source of classification or shelving scheme Dewey Decimal Classification
Koha item type Books
Holdings
Withdrawn status Lost status Source of classification or shelving scheme Damaged status Not for loan Collection code Home library Current library Shelving location Date acquired Total Checkouts Full call number Barcode Date last seen Price effective from Koha item type
    Dewey Decimal Classification     Non-fiction Harvest Mission College Harvest Mission College General Stacks 05.03.2021   248.4 D579C 012302 05.03.2021 05.03.2021 Books

OPAC Designed and Maintained by HMC Library Team.
Copyright © HMC Library,Greater Noida, UP.
For any Suggestions/Query Contact library via Email:libhmc@gmail.com